000 01005nam a2200277 a 4500
001 000023856
005 20240521183604.0
008 110114s1970 mx a 000 0 spa d
040 _aDO-SdBNP
_bspa
_cBNPHU
041 1 7 _aspa
_heng
_2Código de idiomas MARC
082 _a338.52
_bH383si
100 1 _aHaveman, Robert.
_949068
240 1 4 _aThe market system.
_lEspañol
245 1 3 _aEl sistema de precios /
_cRobert Haveman y Kenyon Knopf ; traducción Susana Constante.
260 _aMéxico :
_bCentro Regional de Ayuda Técnica. Agencia para el Desarrollo Internacional ;,
_c1970.
300 _a319 p. :
_bil. ;
_c19 cm.
490 1 _aBiblioteca de economía política
534 _a[Título en inglés] :
_tThe market system
650 0 _aPrecios
_949075
650 4 _aOferta y demanda
_949076
650 4 _aCompetencia económica
_97331
700 1 _aknopf, Kenyon.
_949077
700 1 _aConstante, Susana,
_etr.
_932133
830 0 _aBiblioteca de economía política
_949072
049 _aBNGR
999 _c23352
_d23352